Gobiernos locales en América Latina
Saved in:
| Main Author: | |
|---|---|
| Format: | Book |
| Language: | Spanish |
| Published: |
Santiago
Ril Editores
2012
|
| Edition: | 1a. ed |
| Series: | Estudios Políticos
|
| Subjects: | |
| Tags: |
Add Tag
No Tags, Be the first to tag this record!
|
MARC
| LEADER | 00000cam a2200000 a 4500 | ||
|---|---|---|---|
| 001 | UCE0206 | ||
| 003 | CL-VaPUC | ||
| 008 | 140109e20120600cl |||||||||||||||||spa|d | ||
| 020 | |a 9789562848664 | ||
| 082 | 0 | 4 | |a 352.14 |b PRE |2 21 |
| 100 | 0 | |a Pressacco, Fabián |e author |9 572587 | |
| 245 | 1 | 0 | |a Gobiernos locales en América Latina |
| 250 | |a 1a. ed | ||
| 300 | |a 294 p | ||
| 942 | |c BK | ||
| 945 | |d 20140109 11:50:00 |a dcastane | ||
| 260 | |a Santiago |b Ril Editores |c 2012 | ||
| 650 | 0 | |a Administración pública |9 255343 | |
| 650 | 0 | |a Gobierno local |9 258648 | |
| 650 | 0 | |a Política gubernamental |9 262286 | |
| 583 | |a last modification |c 20140109 11:50:00 |k Rodrigo Vera | ||
| 490 | 0 | |a Estudios Políticos | |
| 999 | |c 354435 |d 354433 | ||
| 952 | |0 0 |1 0 |3 erb |4 0 |6 352_140000000000000_PRE_2012 |7 0 |8 A |9 460306 |a BIBING |b BIBING |i 5045037 |o 352.14 PRE 2012 |p 5045037 |r 2025-01-20 |w 2019-11-23 |y BK |z Catalogado en:20140109 |k GEO | ||